| 000 | 00735nam a2200205Ii 4500 | ||
|---|---|---|---|
| 003 | JO-AjNU | ||
| 008 | 230605s9999||||xx |||||||||||||| ||und|| | ||
| 017 | _a2002/1/197 | ||
| 040 |
_aJO-AjNU _bara _erda _cJO-AjNU |
||
| 041 | _aara | ||
| 050 | 1 | 4 | _aPJ7541.M85 2002 |
| 100 | 3 |
_aتقديم المقالح، عبد العزيز, _eauthor _949362 |
|
| 245 | 0 | 0 | _aمختارات من الشعر والقصة القصيرة في اليمن |
| 264 | 3 | 1 | _aعمان: أمانة عمان الكبرى، 2002 |
| 300 | _a211ص | ||
| 336 |
_atext _btxt _2rdacontent |
||
| 337 |
_aunmediated _bn _2rdamedia |
||
| 338 |
_avolume _bnc _2rdacarrier |
||
| 650 | 4 |
_aالشعر العربي - القصص العربية - العصر الحديث _949363 |
|
| 999 |
_aA21676 _c25244 _d25244 |
||